00747nam a22001937a 4500003000900000008004100009040007100050082001700121100002200138245004400160260003500204300002800239440004700267505013600314650001500450650002700465650002200492700003900514AR-CdUCM190520b ||||| |||| 00| 0 spa d aMUNICIPALIDAD PROVINCIAL DEL CUSCOcBIBLIOTECA MUNICIPAL DEL CUSCO a338.9 /bS28 aScitovsky, Tibor. aEnsayos sobre bienestar y crecimiento / aMadrid :bEdit. Tecnos,c1970. a248 páginas ;c24 cm. aBiblioteca tecnos de ciencias económicas aContenido: Crecimiento económico y problemas afines -- Economía teórica del bienestar -- Economía practica del bienestar... aEconomía aDesarrollo económico aAspectos sociales aCasas Pardo, José (traducción)